000 00939nam a2200277 c 4500
003 BLK
005 20180421000500.0
008 180411b bul|||||r ||||||| ||bul||
010 _aKNG00196902000
040 _aBLK
041 _aBUL
_cBUL
080 _aБългарска литература
_b821.163.2
_x-1
_z821.163.2-1
100 1 _aСтанков, Валери Петров
_eпърви автор
_9260288
139 _aСтанков, Валери Петров
_bС 69
245 1 0 _aПлашило в града
_bСтихотворения
_cВалери Петров Станков.
257 _aBGR
260 София
_bНар. младеж
_c1990
300 _a48 с.
_c20 см
380 _aX
500 _a1 400 тир.
852 _aЦб 163351
856 4 _qpdf
_u
856 4 _qpdf
_u
942 _cKNG
_n0
944 _aCR
_c25.11.2016
_kНаталия_Любомирова
944 _aED
_c25.11.2016
_kНаталия_Любомирова
999 _c187885
_d187885